| 000 | 00392nam a2200157Ia 4500 | ||
|---|---|---|---|
| 008 | 230718s9999 xx 000 0 und d | ||
| 041 | _aeng | ||
| 082 |
_a510.620 _bDAS |
||
| 100 | _aDass H.K. | ||
| 245 | _aAdvanced Engineering Mathematics | ||
| 260 |
_c1994 _bSaunder College |
||
| 300 | _a840 | ||
| 365 |
_cRs. _b90.00 |
||
| 700 | _aDass H.K. | ||
| 906 |
_dB:152423-Dec-1996 _cMATHS _b13.5 |
||
| 999 |
_c295865 _d295865 |
||